000 00342nam a2200133Ia 4500
008 220214s9999 xx 000 0 und d
022 _a0019-5723
245 0 _aINDIAN LABOUR JOURNAL
260 _bLabour Bureau
_aNew Delhi
310 _aM
500 _aEnding Volume & Year: 7, 1966
500 _aStarting Volume & Year: 5, 1964
942 _cBJ
999 _c1306
_d1306